000 00456nam a2200181Ia 4500
008 240925s9999 xx 000 0 und d
020 _a9789332547520
082 _a658.5 MAH
100 _aMahadevan, B.
245 0 _aOperations Managegment: theory and practice
250 _a3rd
260 _aChennai:
_bPearson
_c,2017.
300 _a728p.
_bNA
_fOriginal
500 _aIncludes Index
600 _aManagement
650 _aManagement
942 _cBK
999 _c14737
_d14737